The deepening crisis in education, (Record no. 21365)

MARC details
000 -LEADER
fixed length control field 01018cam a22002771 4500
001 - CONTROL NUMBER
control field e 33001397
003 - CONTROL NUMBER IDENTIFIER
control field DLC
005 - DATE AND TIME OF LATEST TRANSACTION
control field 20260227111224.0
008 - FIXED-LENGTH DATA ELEMENTS--GENERAL INFORMATION
fixed length control field 900626s1933 dcuab f000 0 eng
010 ## - LIBRARY OF CONGRESS CONTROL NUMBER
LC control number e 33001397
035 ## - SYSTEM CONTROL NUMBER
System control number (OCoLC)21922291
040 ## - CATALOGING SOURCE
Original cataloging agency DLC
Transcribing agency MiEM
Modifying agency OCoLC
-- DLC
042 ## - AUTHENTICATION CODE
Authentication code premarc
050 10 - LIBRARY OF CONGRESS CALL NUMBER
Classification number L111
Item number .A73 no. 441
051 ## - LIBRARY OF CONGRESS COPY, ISSUE, OFFPRINT STATEMENT
Classification number LA209
Item number .A4 1933
110 1# - MAIN ENTRY--CORPORATE NAME
Corporate name or jurisdiction name as entry element United States.
Subordinate unit Office of Education.
245 14 - TITLE STATEMENT
Title The deepening crisis in education,
Statement of responsibility, etc. Prepared by the Office of education.
260 ## - PUBLICATION, DISTRIBUTION, ETC.
Place of publication, distribution, etc. Washington, D.C.,
Name of publisher, distributor, etc. U.S. Govt. print. off.,
Date of publication, distribution, etc. 1933.
300 ## - PHYSICAL DESCRIPTION
Extent 15, [1] p.
Other physical details illus., map
Dimensions 23 cm.
490 1# - SERIES STATEMENT
Series statement U. S. Office of education. Leaflet,
Volume/sequential designation no. 44
500 ## - GENERAL NOTE
General note At head of title: United States Department of the interior. Harold L. Ickes, secretary.
650 #0 - SUBJECT ADDED ENTRY--TOPICAL TERM
Topical term or geographic name entry element Education
Geographic subdivision United States
General subdivision Finance.
651 #0 - SUBJECT ADDED ENTRY--GEOGRAPHIC NAME
Geographic name United States
General subdivision Economic conditions
Chronological subdivision 1918-1945.
650 #0 - SUBJECT ADDED ENTRY--TOPICAL TERM
Topical term or geographic name entry element Education
General subdivision Economic aspects.
830 #0 - SERIES ADDED ENTRY--UNIFORM TITLE
Uniform title Leaflet (United States. Office of Education) ;
Volume/sequential designation no. 44

No items available.

Powered by Koha